Countries with Letter H - Statistics

General Stats
  • This quiz has been taken 178 times
  • The average score is 25 of 31
Answer Stats
Country % Correct
Honduras
99%
Haiti
96%
Hungary
93%
Chile
91%
South Africa
91%
Netherlands
87%
South Sudan
86%
China
85%
South Korea
85%
Afghanistan
83%
Chad
83%
Ghana
83%
Bhutan
82%
North Korea
81%
Thailand
81%
Lithuania
80%
Czech Republic
79%
Liechtenstein
79%
Marshall Islands
79%
Philippines
78%
Bahamas
77%
Ethiopia
77%
Bahrain
74%
Bangladesh
74%
Bosnia and Herzegovina
73%
Kazakhstan
73%
Lesotho
72%
Seychelles
69%
Democratic Republic of the Congo
65%
Republic of the Congo
62%
Saint Vincent and the Grenadines
49%
No matching quizzes found
Score Distribution
Percent of People with Each Score
Percentile by Number Answered
Your Score History
You have not taken this quiz